فانتوماس. عودة فانتوماس. جزيرة المتوحشين. الأمير و الفقير / (رقم التسجيلة. 39938)
[ عرض عادي ]
| 000 -LEADER | |
|---|---|
| fixed length control field | 00836nam a22002417a 4500 |
| 005 - DATE AND TIME OF LATEST TRANSACTION | |
| control field | 20251108170116.0 |
| 008 - FIXED-LENGTH DATA ELEMENTS--GENERAL INFORMATION | |
| fixed length control field | 250721s1990 xx 000 0 ara d |
| 082 14 - DEWEY DECIMAL CLASSIFICATION NUMBER | |
| Classification number | ط/ق |
| 100 1# - MAIN ENTRY--PERSONAL NAME | |
| Personal name | قاسم، محمود |
| Relator term | Tran. |
| 245 10 - TITLE STATEMENT | |
| Title | فانتوماس. عودة فانتوماس. جزيرة المتوحشين. الأمير و الفقير / |
| 264 1# - PRODUCTION, PUBLICATION, DISTRIBUTION, MANUFACTURE, AND COPYRIGHT NOTICE | |
| Place of production, publication, distribution, manufacture | القاهرة : |
| Name of producer, publisher, distributor, manufacturer | نهضة مصر للطباعة، |
| Date of production, publication, distribution, manufacture, or copyright notice | 1990. |
| 300 ## - PHYSICAL DESCRIPTION | |
| Extent | 143ص. |
| 490 0# - SERIES STATEMENT | |
| Series statement | اجمل حكايات الدنيا : المغامرات |
| Volume/sequential designation | 5 |
| 653 ## - INDEX TERM--UNCONTROLLED | |
| Uncontrolled term | (سنة 14-10) ناشئون صغار |
| 653 ## - INDEX TERM--UNCONTROLLED | |
| Uncontrolled term | القصص المترجمة |
| 700 1# - ADDED ENTRY--PERSONAL NAME | |
| Personal name | خطاب، آمال |
| Relator term | Cart. |
| 700 1# - ADDED ENTRY--PERSONAL NAME | |
| Personal name | سوفستر، بيير |
| 700 1# - ADDED ENTRY--PERSONAL NAME | |
| Personal name | ألان، مارسيل |
| 700 1# - ADDED ENTRY--PERSONAL NAME | |
| Personal name | فيرن، جول |
| 700 1# - ADDED ENTRY--PERSONAL NAME | |
| Personal name | توين، مارك |
| 942 ## - ADDED ENTRY ELEMENTS (KOHA) | |
| Source of classification or shelving scheme | Dewey Decimal Classification |
| Koha item type | كتب |
| حالة السحب | حالة الفقدان | مصدر التصنيف | حالة التلف | غير قابل للإعارة | المكتبة الرئيسية | المكتبة الحالية | موقع الرف | تاريخ التزويد | الرقم المتسلسل | Total Checkouts | رقم الإستدعاء | تاريخ آخر ظهور | تاريخ الفاتورة | نوع المادة (كوها) | الباركود |
|---|---|---|---|---|---|---|---|---|---|---|---|---|---|---|---|
| Dewey Decimal Classification | مكتبة أم المؤمنين للأطفال | مكتبة أم المؤمنين للأطفال | الأطفال | 28/07/2025 | 351156 | ط/ق | 28/07/2025 | 28/07/2025 | كتب | 351156 | |||||
| Dewey Decimal Classification | Unchecked | مكتبة أم قصير والمقابلين العامة | مكتبة أم قصير والمقابلين العامة | الأطفال | 06/07/2004 | 351170 | ط/ق | 28/07/2025 | 06/07/2004 | كتب | |||||
| Dewey Decimal Classification | Unchecked | مكتبة الأميرة ايمان العامة | مكتبة الأميرة ايمان العامة | الأطفال | 06/07/2004 | 119 | ط/ق | 28/07/2025 | 06/07/2004 | كتب | |||||
| Dewey Decimal Classification | Unchecked | مكتبة الاميرة بديعة | مكتبة الاميرة بديعة | الأطفال | 06/07/2004 | 351163 | ط/ق | 28/07/2025 | 06/07/2004 | كتب | |||||
| Dewey Decimal Classification | Unchecked | مكتبة صويلح العامة | مكتبة صويلح العامة | الأطفال | 06/07/2004 | 351168 | ط/ق | 28/07/2025 | 06/07/2004 | كتب | |||||
| Dewey Decimal Classification | Unchecked | مكتبة صويلح العامة | مكتبة صويلح العامة | الأطفال | 06/07/2004 | 5628 | ط/ق | 28/07/2025 | 06/07/2004 | كتب | |||||
| Dewey Decimal Classification | Unchecked | مكتبة وادي السير العامة | مكتبة وادي السير العامة | الأطفال | 06/07/2004 | 351160 | ط/ق | 28/07/2025 | 06/07/2004 | كتب |